Statystyki dla Państwa Ameryki Północnej z pustą mapą

Kliknij tutaj aby rozwiązać quiz!

Ogólne statystyki

  • Ten quiz został rozwiązany 21 razy
  • Średni wynik to 19 z 23

Odpowiedzi na mapie

Odpowiedzi skodowane kolorowo w zielono-czerwonej skali na mapie do tego quizu, zgodnie z poniższymi procentami.
 

Statystyki odpowiedzi

Państwo% Poprawnych
Dominika
100%
Dominikana
100%
Kanada
100%
Meksyk
100%
Stany Zjednoczone
100%
Haiti
95%
Honduras
95%
Kuba
95%
Jamajka
89%
Bahamy
84%
Gwatemala
84%
Antigua i Barbuda
79%
Barbados
79%
Belize
79%
Kostaryka
79%
Panama
79%
Salwador
79%
Trynidad i Tobago
79%
Nikaragua
74%
Saint Kitts i Nevis
68%
Saint Lucia
68%
Saint Vincent i Grenadyny
68%
Grenada
63%

Rozkład punktacji

Percentyl według liczby udzielonych odpowiedzi

Procent ludzi z każdym wynikiem

Twoja historia wyników

Nie rozwiązałeś tego quizu